000 00566nam a2200205Ia 4500
003 OSt
005 20230511142022.0
008 210423s2009 xx 000 0 und d
020 _a9781441901934
040 _cAL
041 _aeng
082 _a660.60581 KIRA
_223
100 _aKIRAKOSYAN (Ara);KAUFMAN (Peter B).
_9103158
245 _aRecent advances in plant biotechnology.
260 _aNew York
_bSpringer Pvt Ltd
_c2009
300 _axiii,409
_bHB
365 _b10755.29
_cINR
906 _aadvances ; biotechnology. ; plant ; Recent
942 _2ddc
_cBK
999 _c164624
_d164624